Weltgeschichte und Heilsgeschehen : die theologischen Voraussetzungen der Geschichtsphilosophie /

Hlavní autor: Löwith, Karl, 1897-1973
Jazyk: Němčina
Vydáno: Stuttgart : J.B. Metzler, 2004
Témata:
Fyzický popis: 244 s. ; 21 cm
Knihy
Uloženo v:
LEADER 01553nam a2200421 a 4500
001 001261235
003 CZ BrMZK
005 20121119093337.0
007 ta
008 121026s2004 gw e 000 0 ger
020 |z 978-3-476-02010-9  |q (brož.) 
040 |a BOA001  |b cze 
045 |a x-x- 
072 7 |a 930  |x Historická věda. Pomocné vědy historické. Archivnictví  |2 Konspekt  |9 8 
080 |a 930.1  |2 MRF 
080 |a 2-1  |2 MRF 
080 |a 94(100)  |2 MRF 
080 |a 2-185.5  |2 MRF 
080 |a 101  |2 MRF 
080 |a 14(430)  |2 MRF 
080 |a (048.8)  |2 MRF 
100 1 |a Löwith, Karl,  |d 1897-1973  |7 jn19990005200  |4 aut 
245 1 0 |a Weltgeschichte und Heilsgeschehen :  |b die theologischen Voraussetzungen der Geschichtsphilosophie /  |c Karl Löwith 
260 |a Stuttgart :  |b J.B. Metzler,  |c 2004 
300 |a 244 s. ;  |c 21 cm 
504 |a Obsahuje bibliografické odkazy 
648 7 |a 20. století  |7 ch460558  |2 czenas 
650 0 7 |a filozofie dějin  |7 ph120224  |2 czenas 
650 0 7 |a filozofie náboženství  |7 ph114544  |2 czenas 
650 0 7 |a dějinnost  |7 ph135520  |x filozofické aspekty  |2 czenas 
650 0 7 |a světové dějiny  |7 ph117271  |x filozofické aspekty  |2 czenas 
650 0 7 |a spása  |7 ph162849  |x filozofické aspekty  |2 czenas 
650 0 7 |a německá filozofie  |7 ph123485  |y 20. stol.  |2 czenas 
655 7 |a monografie  |7 fd132842  |2 czenas 
910 2 |a BOA001  |b NK-0006.409 
990 |a BK 
991 |b 201211  |c NOV  |e n  |x 44 
996 7 |b 261D008554  |c NK-0006.409  |l Německá knihovna/2.patro  |r ZHR  |n 2  |p dar  |h PH  |w 001295377  |u 000010  |a 0  |e BOA001  |j MZK50  |s A